MadFut 23 höchste Karte aus jeder Nation - Statistiken

Allgemein
  • Dieses Quiz wurde 52 mal gespielt
  • Das Durchschnittsergebnis liegt bei 11 aus 22
Antwortstatistiken
Hint Antwort % Korrekt
Argentinien Messi
100%
Brasilien Pele/Neymar
93%
Portugal Ronaldo/Rafael Leão
93%
Frankreich Diaby/Nkunku/Henry/Zidane/Benzema/Mbappé
89%
Norwegen Haaland
89%
Belgien De Bruyne
87%
England Kane/Rice/Bellingham
85%
Kroatien Modric
83%
Polen Lewandowski
80%
Marokko Hakimi
65%
Niderlande Stam/Van Dijk
52%
Deutschland Matthäus
48%
USA Pulisic/Musah
41%
Italien Donnarumma
26%
Tschechien Cech
22%
Serbien Vidic
15%
Spanien Di Stéfano
13%
Türkei Çalhanoglu
11%
Uruguay Araujo
9%
Schweiz Shaqiri
7%
Kolumbien Córdoba
2%
Schottland Love
2%
Keine übereinstimmenden Quizze gefunden
Verteilung der Resultate
Anzahl Personen mit jedem Resultat
Perzentil nach korrekt beantworteten Fragen
Ihre Resultats-Entwicklung
Sie haben dieses Quiz noch nicht gespielt